00446nam a2200169Ia 4500999001700000003000400017005001700021008004100038040000900079082001800088100002500106245004600131260003400177300000800211650001400219942004300233 c35260d35260OSt20201216122837.0190216s9999||||xx |||||||||||||| ||und|| coclc a934.83bRAV/P aRavivarma, L A97586 0aPracheena Kerala Lipikal /cL A Ravivarma bSahakarana Sangam,aKottayam: a45p aMalayalam cREF2ddch934.83iRAV/Pk934.83mRAV/P